| 000 | 00715nam a22002057a 4500 | ||
|---|---|---|---|
| 003 | JO-AjAnu | ||
| 005 | 20240430093632.0 | ||
| 008 | 240429b jo ||||| |||| 00| 0 ara d | ||
| 040 |
_aJO-AjAnu _canu |
||
| 041 | 1 | _hara | |
| 100 |
_aفاندايك _eمترجم _965394 |
||
| 130 |
_aالكتاب المقدس _965392 |
||
| 245 | 2 | 0 | _aالكتاب المقدس : اسفار العهدين القديم والجديد |
| 250 | _aطبعة منقحة 1991 | ||
| 260 |
_aFinland : _bSaarijarven Offset Oy Saarijarvi ، _c2012 |
||
| 300 | _a432 صفحه | ||
| 650 | 7 | _vالكتب السماوية-المسيحية-اليهودية | |
| 700 |
_aالبستاني _eمترجم مشارك _965395 |
||
| 942 |
_2lcc _cREF _n0 |
||
| 999 |
_c33473 _d33473 |
||